000 005400000a22002050004500
003 LK-CoMWRAF
005 20230901151934.0
008 230817t1999 ||||| |||| 00| 0 eng d
020 _a9559679007
040 _aLK-CoMWRAF
_dLK-CoMWRAF
_eLK-CoMWRAF
041 _aeng
082 _a821
_bMAR
100 _aMarthenesz, Trixie
245 _aTussles :
_bA Collection of twenty poems
260 _aColombo :
_bTrixie Marthenesz,
_c1999
300 _a56p
650 _aEnglish poetry
650 _aSri Lankan poetry ( English )
942 _cBK
999 _c287
_d287